| 000 | 00918nam a22002537a 4500 | ||
|---|---|---|---|
| 005 | 20250812145955.0 | ||
| 008 | 250805s2024 mx|a|||frz|||f001 e spa d | ||
| 020 | _a9786077087830 | ||
| 040 |
_aMX-MxUPN _bspa _cMX-MxUPN |
||
| 041 | _aspa | ||
| 050 |
_aKGF3053 S65 _b2024 |
||
| 100 |
_aSpigno, Irene _957324 |
||
| 245 | _aEl acceso a la justicia electoral a través de las acciones afirmativas para poblaciones en condición de vulnerabilidad | ||
| 250 | _a1a. edición | ||
| 260 |
_aMéxico : _bTribunal Electoral del Poder Judicial de la Federación, _c2024 |
||
| 300 | _a168 páginas | ||
| 500 | _aDonación TEPJF | ||
| 500 | _aIncluye bibliografía | ||
| 650 | 0 |
_aJusticia electoral _957305 _yMéxico |
|
| 650 | 2 |
_aGrupos vulnerables _926818 _zMéxico |
|
| 700 | 1 |
_aSoto Fregoso, Mónica Aralí _4prólogo _952213 |
|
| 902 |
_aMarisolLicea/05082025 _bMaiella Martínez / 12082025 |
||
| 942 |
_2lcc _cLIBRO _n0 |
||
| 999 |
_c213655 _d213655 |
||